| 000 | 00616nam a2200217Ia 4500 | ||
|---|---|---|---|
| 005 | 20230109151208.0 | ||
| 008 | 131103s9999 xx 000 0 und d | ||
| 040 | _aLoreto College | ||
| 041 | _aEnglish | ||
| 082 |
_a821.4 _bDRY-KIN |
||
| 245 | 4 |
_aThe poems and fables of John Dryden _cedited by James Kinsley |
|
| 260 |
_aLondon _bOxford University Press _c1962 |
||
| 300 | _axii,354 p. | ||
| 504 | _aIncludes index | ||
| 630 | _a17th century poetry - Dryden Collections | ||
| 650 | _aDryden,John,1631 - 1700 | ||
| 651 | _aEnglish Poetry | ||
| 700 | _aKinsley,James,ed. | ||
| 850 | _aLCLIB | ||
| 942 | _cBK | ||
| 999 |
_c5733 _d56212 |
||